Rzeczowniki zaczynające się na RE- - Statystyki

Ogólne statystyki
  • Ten quiz został rozwiązany 34 razy
  • Średni wynik to 22 z 57
Statystyki odpowiedzi
Odpowiedź % Poprawnych
remont
83%
reszta
83%
rebus
78%
regał
70%
reguła
70%
remis
65%
rekin
61%
renifer
61%
renta
61%
reakcja
57%
redakcja
57%
redukcja
57%
rezerwa
57%
restauracja
52%
reszka
52%
rewolucja
52%
rejestr
48%
renoma
48%
rewolwer
48%
reanimacja
43%
recenzja
43%
rechot
43%
reforma
43%
rejestracja
43%
replika
43%
republika
43%
realizacja
39%
regulamin
39%
reprezentacja
39%
rezerwacja
39%
recepta
35%
refren
35%
rekrutacja
35%
refleksja
30%
reflektor
30%
reformacja
30%
rehabilitacja
30%
rekonstrukcja
30%
relacja
30%
receptura
26%
reinkarnacja
26%
restart
26%
recykling
22%
referencja
22%
regeneracja
22%
rejs
22%
rekreacja
22%
remisja
22%
rewelacja
22%
rezydencja
22%
recytator
17%
reprezentant
17%
realista
13%
recepcja
13%
repetytorium
9%
reprymenda
9%
recepcjonista
4%
Nie znaleziono quizów pasujących do podanych kryteriów
Rozkład punktacji
Procent ludzi z każdym wynikiem
Percentyl według liczby udzielonych odpowiedzi
Twoja historia wyników
Nie rozwiązałeś tego quizu